000 00623nam a22002297a 4500
003 UA-OsUOA
001 97977
007 ta
008 20130408b un ||||| |||| 00| 0 ukr d
100 _aПарандовский Я.
090 _a821.162.1
_bП18
942 _cBK
040 _aUA-OsUOA
_brus
_cUA-OsUOA
_dUA-OsUOA
245 _aАлхимия слова. Олимпийский диск
300 _a528 с.
955 _a3
041 _arus
080 _a821.162.1
260 _aМ.
_bПрогресс
_c1982
650 7 _a82 Література. Літературознавство
_2UDC
999 _c384222
_d384222